00506nam a2200145Ia 4500008004100000020001900041082001800060100002100078245003600099260004700135300001000182942005100192952010200243999001500345250731s9999 xx 000 0 und d a98623333545624 a 340.5495 ALI aAbdul Razzaq Ali 0aDhiguvaahaka liyumah kuru mageh aMale Maldivesb Dhagatha Publishers c2012 a326p. i340.5495 ALIcNF DHIV6340_549500000000000_ALI 94345aKFPLbKFPLcDHId2025-07-31l0o 340.5495 ALIpKL-2024-001711r2025-07-31 12:38:03yNF DHIV c4030d4030